[Event "ch-European Rapid 2013"]
[Site "Warsaw POL"]
[Date "2013.12.14"]
[Round "6.13"]
[White "Mista, Aleksander"]
[Black "Nasuta, Grzegorz"]
[Result "0-1"]
[WhiteTitle "GM"]
[BlackTitle "FM"]
[WhiteElo "2583"]
[BlackElo "2331"]
[WhiteFideId "1110381"]
[BlackFideId "1141686"]
[EventDate "2013.12.14"]

1. e4 c5 2. Nf3 d6 3. d4 cxd4 4. Nxd4 Nf6 5. Nc3 a6 6. Be2 e6 7. f4 Nc6 8. Be3
Be7 9. O-O O-O 10. Kh1 Bd7 11. Qe1 b5 12. a3 Qb8 13. Bf3 Nxd4 14. Bxd4 e5 15.
Be3 b4 16. axb4 Qxb4 17. fxe5 dxe5 18. Qg3 Rfe8 19. Bh6 Bf8 20. Bg5 Qxb2 21. Be2
Rac8 22. Bd2 Qxc2 23. Ra2 Rxc3 24. Rxc2 Rxg3 25. hxg3 Nxe4 26. Be1 Bb5 27. Kh2
f6 28. Bxb5 axb5 29. Rb2 Rb8 30. Bb4 Bxb4 31. Rxb4 Nd6 32. Rc1 Rb6 33. Rc7 h6
34. Rd7 Kh7 35. Rb1 b4 36. Rd1 Nf5 37. g4 Nd4 38. Ra1 b3 39. Raa7 Ne6 40. Rd1
Kg6 41. Kg3 Kg5 42. Ra4 Nd4 43. Rc4 b2 44. Rb1 Rb3+ 45. Kf2 Nb5 46. Rc2 Nc3 47.
Rxc3 Rxc3 48. Rxb2 Kxg4 49. Rb4+ Kf5 50. Rb7 g6 51. Rb4 h5 52. Ra4 Rd3 53. Ra2
h4 54. Ra4 g5 55. Ra2 Kf4 56. Ra4+ e4 57. Ra2 f5 58. Rb2 e3+ 59. Kg1 Kg3 0-1

[Event "ch-European Rapid 2013"]
[Site "Warsaw POL"]
[Date "2013.12.14"]
[Round "6.14"]
[White "Dreev, Aleksey"]
[Black "Wantiez, Fabrice"]
[Result "1-0"]
[WhiteTitle "GM"]
[BlackTitle "FM"]
[WhiteElo "2673"]
[BlackElo "2301"]
[WhiteFideId "4100107"]
[BlackFideId "202274"]
[EventDate "2013.12.14"]

1. d4 Nf6 2. c4 g6 3. Nc3 d5 4. Nf3 Bg7 5. h4 c5 6. dxc5 Qa5 7. cxd5 Nxd5 8.
Qxd5 Bxc3+ 9. Bd2 Bxd2+ 10. Qxd2 Qxc5 11. Rc1 Qf5 12. Nd4 Qd7 13. h5 Rf8 14. Rh3
Nc6 15. Rd3 Ne5 16. Rdc3 f6 17. e3 Kf7 18. f4 Kg7 19. fxe5 fxe5 20. Nf3 Qg4 21.
Rc4 1-0

[Event "ch-European Rapid 2013"]
[Site "Warsaw POL"]
[Date "2013.12.14"]
[Round "6.15"]
[White "Kujawski, Adam"]
[Black "Wojtaszek, Radoslaw"]
[Result "0-1"]
[BlackTitle "GM"]
[WhiteElo "2325"]
[BlackElo "2711"]
[WhiteFideId "1100920"]
[BlackFideId "1118358"]
[EventDate "2013.12.14"]

1. e4 c6 2. d4 d5 3. Nc3 dxe4 4. Nxe4 Nd7 5. Ng5 Ngf6 6. Bd3 e6 7. N1f3 Bd6 8.
Qe2 h6 9. Ne4 Nxe4 10. Qxe4 Qc7 11. Bd2 b6 12. O-O-O Bb7 13. Qe2 O-O-O 14. Ba6
Rhe8 15. Bc3 Nf6 16. g3 Nd5 17. Bd2 c5 18. Kb1 Bxa6 19. Qxa6+ Kb8 20. c4 Nf6 21.
Rhe1 Ng4 22. Re2 Qc6 23. Qa3 Qb7 24. h3 cxd4 25. Qb3 d3 26. Qxd3 Bc5 27. Bf4+
Kc8 28. Qc2 Rxd1+ 29. Qxd1 Nxf2 30. Qa4 Rd8 31. Ne1 Nxh3 32. b4 Nxf4 33. gxf4
Bd4 34. Kc2 Kb8 35. Nd3 Rc8 36. Kb3 Qf3 37. Rd2 Be3 38. Ne5 Qe4 39. Rd7 a5 40.
bxa5 Qb1+ 41. Kc3 Bf2 42. Nc6+ Rxc6 43. Qxc6 Be1+ 44. Kd4 Qb2+ 45. Ke3 Qf2+ 46.
Kd3 Qd2+ 0-1

[Event "ch-European Rapid 2013"]
[Site "Warsaw POL"]
[Date "2013.12.14"]
[Round "6.17"]
[White "Gajek, Radoslaw"]
[Black "Azarov, Sergei"]
[Result "0-1"]
[WhiteTitle "FM"]
[BlackTitle "GM"]
[WhiteElo "2252"]
[BlackElo "2616"]
[WhiteFideId "1125893"]
[BlackFideId "13501470"]
[EventDate "2013.12.14"]

1. e4 c5 2. Nf3 d6 3. d4 cxd4 4. Nxd4 Nf6 5. Nc3 g6 6. Be3 Bg7 7. f3 O-O 8. Qd2
Nc6 9. O-O-O d5 10. exd5 Nxd5 11. Nxc6 bxc6 12. Bd4 e5 13. Bc5 Be6 14. Ne4 Re8
15. Bc4 Qc7 16. h4 h6 17. g4 Red8 18. Qf2 Nf4 19. Bxe6 Nxe6 20. h5 g5 21. Rxd8+
Rxd8 22. Rd1 Rxd1+ 23. Kxd1 Qa5 24. Ba3 Qd5+ 25. Kc1 Qxa2 26. Qxa7 Qa1+ 27. Kd2
Nd4 28. Qa8+ Kh7 29. Qe8 Nxf3+ 30. Ke3 Qc1+ 31. Kf2 Qf4 32. Nd6 Nd4+ 33. Kg2
Qxg4+ 34. Kh1 Nf3 0-1

[Event "ch-European Rapid 2013"]
[Site "Warsaw POL"]
[Date "2013.12.14"]
[Round "6.18"]
[White "Lysyj, Igor"]
[Black "Pavlidis, Anastasios"]
[Result "1-0"]
[WhiteTitle "GM"]
[BlackTitle "FM"]
[WhiteElo "2666"]
[BlackElo "2342"]
[WhiteFideId "4150120"]
[BlackFideId "4208404"]
[EventDate "2013.12.14"]

1. d4 Nf6 2. c4 g6 3. Nc3 Bg7 4. e4 O-O 5. Be3 d6 6. h3 b6 7. Nf3 Nfd7 8. Be2 c5
9. d5 Ne5 10. Nxe5 Bxe5 11. Qd2 Nd7 12. O-O Bh8 13. f4 a6 14. a4 a5 15. Rae1 Ra7
16. Bf3 Bg7 17. Bf2 Bh6 18. Be3 Bg7 19. b3 Re8 20. Rd1 Nf8 21. Nb5 Rd7 22. Rfe1
Ba6 23. Nc3 Bc8 24. Qc2 Rb7 25. Bf2 Nd7 26. Nb5 f6 27. Bg3 Rb8 28. Bg4 Nf8 29.
Bxc8 Rxc8 30. e5 Qd7 31. exd6 exd6 32. f5 Re5 33. Bxe5 fxe5 34. Rf1 Re8 35. f6
Bh6 36. f7+ 1-0

[Event "ch-European Rapid 2013"]
[Site "Warsaw POL"]
[Date "2013.12.14"]
[Round "6.19"]
[White "Petrosian, Tigran L."]
[Black "Licznerski, Lukasz"]
[Result "1/2-1/2"]
[WhiteTitle "GM"]
[BlackTitle "FM"]
[WhiteElo "2648"]
[BlackElo "2354"]
[WhiteFideId "13301616"]
[BlackFideId "1179250"]
[EventDate "2013.12.14"]

1. e4 c6 2. Nc3 d5 3. Nf3 Bg4 4. h3 Bh5 5. exd5 cxd5 6. g4 Bg6 7. h4 Nc6 8. Bb5
Be4 9. Nxe4 dxe4 10. Ng5 Nf6 11. Qe2 Qb6 12. Bc4 e6 13. Nxe4 Nd4 14. Nxf6+ gxf6
15. Qe4 Rc8 16. Bd3 Bc5 17. c3 Nc6 18. f3 Bf2+ 19. Kf1 Bg3 20. Qe3 Qc7 21. Bc2
Bf4 22. Qe4 h5 23. Ba4 Kf8 24. Bxc6 bxc6 25. Ke2 c5 26. d3 Bxc1 27. Raxc1 Rb8
28. b3 Rd8 29. Kd2 Rd5 30. Rcg1 Qa5 31. a4 Ke7 32. Kc2 Rhd8 33. Rd1 Re5 34. Qb7+
Rd7 35. Qb5 Qc7 36. Rd2 Re3 37. Rf1 Rd5 38. Qc4 Qg3 39. gxh5 Rxh5 40. Qa6 Qc7
41. Qc4 Qg3 42. Qb5 Qc7 43. Rg1 Rh8 44. Rf2 Re5 45. Qc4 Reh5 46. d4 Qf4 47. Rd1
Qc7 48. d5 Rxh4 49. Qa6 Qb6 50. Qxb6 axb6 51. dxe6 fxe6 52. Rdd2 Rf4 53. Rd3 c4
54. bxc4 Rxc4 55. Rfd2 f5 56. Rd4 Rc7 57. f4 Rhc8 58. R2d3 Rc6 59. Rd7+ Kf6 60.
Rh3 Kg6 61. Rg3+ Kf6 62. Rh3 Kg6 63. Kb3 R8c7 64. Rd8 Rc8 65. Rd1 Rc4 66. Rg1+
Kf6 67. Rf1 Re4 68. Rh6+ Ke7 69. Rh7+ Kd6 70. Rd1+ Kc6 71. Rhd7 Rc7 72. R7d6+
Kb7 73. R1d4 Re3 74. Rc4 Rxc4 75. Kxc4 Kc7 76. Rd3 Re1 77. Kb5 Rb1+ 78. Ka6 Rb3
79. Rh3 Kc6 80. Rh8 Ra3 81. Rc8+ Kd7 82. Rc4 Rb3 83. Kb7 e5 84. fxe5 Ke6 85.
Rc6+ Kxe5 86. Rxb6 Rxc3 87. a5 Ra3 88. a6 f4 89. a7 f3 90. Ra6 Rxa6 91. Kxa6 f2 1/2-1/2

[Event "ch-European Rapid 2013"]
[Site "Warsaw POL"]
[Date "2013.12.14"]
[Round "6.20"]
[White "Mede, Istvan"]
[Black "Miton, Kamil"]
[Result "0-1"]
[WhiteTitle "FM"]
[BlackTitle "GM"]
[WhiteElo "2298"]
[BlackElo "2591"]
[WhiteFideId "711535"]
[BlackFideId "1111914"]
[EventDate "2013.12.14"]

1. e4 c5 2. Nf3 Nc6 3. d4 cxd4 4. Nxd4 Nf6 5. Nc3 d6 6. Bg5 e6 7. Qd2 a6 8.
O-O-O Bd7 9. f3 Be7 10. h4 h6 11. Be3 h5 12. Kb1 Ne5 13. f4 Neg4 14. Bg1 b5 15.
Bd3 Qc7 16. Nf3 Bc6 17. f5 e5 18. Ng5 Qb7 19. Nd5 O-O 20. Nxe7+ Qxe7 21. Bb6 Qb7
22. Ba5 Nxe4 23. Nxe4 Bxe4 24. Qg5 Bxd3 25. Rxd3 Qxg2 26. Rc1 Rac8 27. Rxd6 Rc4
28. Rd2 Qe4 29. Qxh5 Nf6 30. Qd1 Qxf5 31. Bd8 Ne4 32. Rg2 Rd4 33. Qg1 Rfxd8 34.
Rxg7+ Kf8 35. Rg8+ Ke7 36. Rxd8 Kxd8 37. Qg8+ Ke7 38. Qb8 Qf6 39. a3 Qd6 40.
Qb7+ Kf8 41. Qc8+ Qd8 42. Qxa6 Rd1 43. Qxb5 Nd2+ 44. Ka2 Rxc1 45. Qxe5 f6 46.
Qh5 Ke7 47. Qh7+ Ke6 48. c4 Qb8 0-1

[Event "ch-European Rapid 2013"]
[Site "Warsaw POL"]
[Date "2013.12.14"]
[Round "6.22"]
[White "Krasenkow, Michal"]
[Black "Lavendelis, Egons"]
[Result "1-0"]
[WhiteTitle "GM"]
[BlackTitle "FM"]
[WhiteElo "2633"]
[BlackElo "2317"]
[WhiteFideId "1113100"]
[BlackFideId "11601647"]
[EventDate "2013.12.14"]

1. Nf3 Nf6 2. c4 g6 3. Nc3 d5 4. cxd5 Nxd5 5. Qc2 c6 6. d4 Bg7 7. Bd2 O-O 8. e4
Nb6 9. O-O-O Be6 10. h4 Bc4 11. h5 Bxf1 12. Rdxf1 Nc4 13. hxg6 hxg6 14. Bh6 b5
15. b3 Nd6 16. Qd2 f6 17. Bxg7 Kxg7 18. Qh6+ Kf7 19. e5 Qa5 20. Kc2 Ne4 21. Nxe4
Qxa2+ 22. Kd3 Qxb3+ 23. Ke2 Qc4+ 24. Ke3 Qb3+ 25. Kf4 fxe5+ 26. Nxe5+ Ke8+ 27.
Qxf8+ Kxf8 28. Rh8+ Kg7 29. Rfh1 Qg8 30. Rxg8+ Kxg8 31. Rh6 a5 32. Rxg6+ Kf8 33.
Nc5 e6 34. Nxe6+ Ke7 35. Nc7 Ra7 36. Rg7+ 1-0

[Event "ch-European Rapid 2013"]
[Site "Warsaw POL"]
[Date "2013.12.14"]
[Round "6.23"]
[White "Bernotas, Arturs"]
[Black "Neiksans, Arturs"]
[Result "0-1"]
[BlackTitle "GM"]
[WhiteElo "2267"]
[BlackElo "2560"]
[WhiteFideId "11601426"]
[BlackFideId "11601388"]
[EventDate "2013.12.14"]

1. e4 c5 2. c3 Nf6 3. e5 Nd5 4. Nf3 Nc6 5. d4 cxd4 6. cxd4 d6 7. Bc4 Nb6 8. Bb5
Bd7 9. Nc3 dxe5 10. dxe5 e6 11. O-O Nb4 12. Bg5 Be7 13. Bxe7 Qxe7 14. Bxd7+ Qxd7
15. Qb3 N4d5 16. Ne4 O-O 17. Rac1 Nf4 18. Rc2 Rac8 19. Nd6 Rxc2 20. Qxc2 Nc8 21.
Qe4 Nxd6 22. Qxf4 Nf5 23. Rc1 Rd8 24. g4 Ne7 25. Ng5 Ng6 26. Qe3 h6 27. Nf3 Qa4
28. h3 Qxa2 29. b3 Qa5 30. Rc4 a6 31. h4 Rd1+ 32. Kg2 Qd5 33. Rc8+ Kh7 34. Kg3
Rd3 0-1

[Event "ch-European Rapid 2013"]
[Site "Warsaw POL"]
[Date "2013.12.14"]
[Round "6.24"]
[White "Antipov, Mikhail Al."]
[Black "Yavorovsky, Valeriy"]
[Result "1-0"]
[WhiteTitle "GM"]
[WhiteElo "2511"]
[BlackElo "2249"]
[WhiteFideId "4107012"]
[BlackFideId "14121549"]
[EventDate "2013.12.14"]

1. e4 e6 2. d4 d5 3. Nd2 c5 4. Ngf3 Nf6 5. exd5 exd5 6. Bb5+ Bd7 7. Bxd7+ Nbxd7
8. O-O Be7 9. dxc5 Nxc5 10. Nd4 Qd7 11. N2f3 Nce4 12. Ne5 Qc8 13. Qf3 O-O 14.
Nf5 Bd8 15. c3 Re8 16. Ng4 Nxg4 17. Qxg4 g6 18. Ne3 Qxg4 19. Nxg4 Bb6 20. Be3
Bxe3 21. Nxe3 Rad8 22. Rad1 Nf6 23. Rd3 Rd7 24. Rfd1 Red8 25. g4 h6 26. f3 Kf8
27. a4 Ke7 28. h4 Ke6 29. Kf2 Rd6 30. Rd4 Ne8 31. Rb4 b6 32. Nc2 Nc7 33. Re1+
Kd7 34. Rf4 f6 35. Nd4 Rf8 36. Nb5 Ne6 37. Rb4 a5 38. Rb3 Nc5 39. Nxd6 Nxb3 40.
Nb5 Nc5 41. Rd1 Kc6 42. Nd4+ Kd7 43. Ne2 Nxa4 44. Rxd5+ Kc6 45. Rd2 Re8 46. Nf4
g5 47. Ng2 gxh4 48. Nxh4 Re5 49. Nf5 h5 50. Nd4+ Kc7 51. f4 Re4 52. Kf3 Re1 53.
gxh5 Rh1 54. Kg4 Nc5 55. Nf3 Ne4 56. Rh2 f5+ 57. Kxf5 Nd6+ 58. Kg4 Rf1 59. h6
Nf7 60. h7 Nh8 61. Ne5 Rg1+ 62. Kf5 b5 63. Kf6 Rf1 64. f5 1-0

[Event "ch-European Rapid 2013"]
[Site "Warsaw POL"]
[Date "2013.12.14"]
[Round "6.25"]
[White "Bartel, Michal"]
[Black "Plat, Vojtech"]
[Result "1-0"]
[WhiteTitle "FM"]
[BlackTitle "IM"]
[WhiteElo "2316"]
[BlackElo "2470"]
[WhiteFideId "1119257"]
[BlackFideId "325740"]
[EventDate "2013.12.14"]

1. e4 c5 2. Nf3 Nc6 3. Bb5 g6 4. O-O Bg7 5. c3 Nf6 6. Qe2 O-O 7. d4 cxd4 8. cxd4
d5 9. e5 Ne8 10. Nc3 Nc7 11. Bxc6 bxc6 12. Rd1 Ba6 13. Qc2 Ne6 14. Na4 Bb5 15.
Nc5 Nxc5 16. Qxc5 Be2 17. Re1 Bxf3 18. gxf3 Qd7 19. Kg2 Rab8 20. b3 Rb5 21. Qc2
c5 22. a4 Rb4 23. Qxc5 Rxb3 24. Ra3 Rb7 25. Rc3 Qxa4 26. Qxd5 Rb1 27. Bd2 Rxe1
28. Bxe1 Qd1 29. Qe4 Rd8 30. Rd3 Qb1 31. d5 Qc1 32. Bd2 Qc8 33. Ba5 Re8 34. f4
Qg4+ 35. Rg3 Qd7 36. h3 Rc8 37. Rd3 Qb5 38. Bd2 Qb7 39. Kf3 f5 40. Qb4 Qa6 41.
Qb3 Rd8 42. d6+ Kh8 43. d7 e6 44. Kg2 Qc6+ 45. Kh2 Bf8 46. Qc3 Qb7 47. Qd4 Qc7
48. Be3 a5 49. Qa7 Qc4 50. Qxa5 Be7 51. Rd2 g5 52. Rd4 Qc6 53. Qd2 gxf4 54. Bxf4
Rg8 55. Bg5 Bxg5 56. Qxg5 1-0

[Event "ch-European Rapid 2013"]
[Site "Warsaw POL"]
[Date "2013.12.14"]
[Round "6.26"]
[White "Maiorov, Nikita1"]
[Black "Rogule, Laura"]
[Result "1-0"]
[WhiteTitle "GM"]
[BlackTitle "WGM"]
[WhiteElo "2552"]
[BlackElo "2326"]
[WhiteFideId "13501720"]
[BlackFideId "11601876"]
[EventDate "2013.12.14"]

1. d4 d5 2. c4 e6 3. Nf3 Nf6 4. e3 Nbd7 5. Nc3 c6 6. Qc2 Bd6 7. b3 O-O 8. Be2
Qe7 9. O-O dxc4 10. bxc4 e5 11. a4 Re8 12. Rd1 exd4 13. exd4 Nf8 14. h3 Ng6 15.
Bf1 Nf4 16. Be3 Qc7 17. Qd2 Ng6 18. Re1 Bf5 19. c5 Bf8 20. Bc4 h6 21. Qa2 Rad8
22. Qb3 Ne4 23. Nxe4 Bxe4 24. Nd2 Bd5 25. Bxd5 Rxd5 26. Rab1 Rd7 27. Nf3 Be7 28.
Bd2 Red8 29. Re4 Bf6 30. Qc4 Re7 31. Rg4 Kh8 32. Re1 Rxe1+ 33. Bxe1 Re8 34. Bd2
Qe7 35. d5 cxd5 36. Qxd5 Rd8 37. Qc4 Ne5 38. Nxe5 Qxe5 39. Re4 Qh5 40. Be3 Qg6
41. Kh2 Kg8 1-0

[Event "ch-European Rapid 2013"]
[Site "Warsaw POL"]
[Date "2013.12.14"]
[Round "6.27"]
[White "Stupak, Kirill"]
[Black "Swicarz, Maciej"]
[Result "1-0"]
[WhiteTitle "GM"]
[WhiteElo "2505"]
[BlackElo "2276"]
[WhiteFideId "13503758"]
[BlackFideId "1113585"]
[EventDate "2013.12.14"]

1. d4 Nf6 2. g3 e6 3. Bg2 c5 4. Nf3 Nc6 5. O-O b6 6. c4 Bb7 7. d5 Ne7 8. Nc3
exd5 9. Nh4 g6 10. cxd5 d6 11. e4 Bg7 12. Qa4+ Qd7 13. Qxd7+ Kxd7 14. Bh3+ Kd8
15. Bf4 Ne8 16. Rfe1 Bxc3 17. bxc3 f6 18. Nf3 h5 19. Bf1 g5 20. Be3 Ng6 21. Nd2
h4 22. a4 Nc7 23. Reb1 hxg3 24. hxg3 Kd7 25. a5 b5 26. a6 Bxa6 27. Rxa6 Nxa6 28.
Bxb5+ Kc7 29. Bxa6 Rab8 30. Ra1 Ne5 31. Be2 Ra8 32. Nc4 Nxc4 33. Bxc4 a5 34. Bb5
Rhb8 35. c4 Ra7 36. Bd2 Kb6 37. Bc3 Rf8 38. g4 Rff7 39. Kg2 Rf8 40. Ba4 Ra6 41.
Rh1 Ra7 42. Kf3 1-0

[Event "ch-European Rapid 2013"]
[Site "Warsaw POL"]
[Date "2013.12.14"]
[Round "6.28"]
[White "Bednarek, Sylwester"]
[Black "Olszewski, Michal"]
[Result "0-1"]
[WhiteTitle "FM"]
[BlackTitle "GM"]
[WhiteElo "2311"]
[BlackElo "2551"]
[WhiteFideId "1101811"]
[BlackFideId "1121251"]
[EventDate "2013.12.14"]

1. d4 Nf6 2. Bg5 e6 3. e4 h6 4. Bxf6 Qxf6 5. Qd2 d6 6. f4 g5 7. Nh3 Bg7 8. e5
Qd8 9. Bd3 c5 10. dxc5 dxe5 11. fxg5 e4 12. Bb5+ Ke7 13. c3 Qxd2+ 14. Nxd2 hxg5
15. Nxe4 g4 16. Nf4 Bd7 17. Bxd7 Nxd7 18. O-O Rac8 19. b4 b6 20. Nd6 Rcf8 21.
Rae1 Be5 22. Ne4 Rc8 23. Nd3 Bxh2+ 24. Kf2 Bc7 25. Kg1 Rh5 26. c6 Nb8 27. Nf4
Rf5 28. Nd3 Rxf1+ 29. Kxf1 Nxc6 30. Nef2 f5 31. a4 Nd8 32. c4 Bd6 33. c5 bxc5
34. bxc5 Bxc5 35. Rc1 Kd6 36. Nd1 Rc6 37. N1b2 Bd4 38. Rd1 e5 39. Ne1 Ne6 40.
Nbd3 Rc4 41. a5 e4 42. Nc1 Ke5 43. g3 Bc3 44. Nc2 Bb2 0-1

[Event "ch-European Rapid 2013"]
[Site "Warsaw POL"]
[Date "2013.12.14"]
[Round "6.29"]
[White "Jakubowski, Krzysztof"]
[Black "Adamski, Jan"]
[Result "1-0"]
[WhiteTitle "GM"]
[BlackTitle "IM"]
[WhiteElo "2527"]
[BlackElo "2306"]
[WhiteFideId "1112848"]
[BlackFideId "1100190"]
[EventDate "2013.12.14"]

1. e4 c5 2. Nf3 a6 3. Nc3 e6 4. d4 cxd4 5. Nxd4 Qc7 6. Bd3 Nf6 7. O-O Bc5 8. Nb3
Be7 9. f4 d6 10. a4 b6 11. Qe2 Bb7 12. Bd2 Nbd7 13. Kh1 O-O 14. Rf3 e5 15. Rg3
exf4 16. Bxf4 Ne5 17. Nd4 Ng6 18. Bg5 d5 19. exd5 Nxd5 20. Nxd5 Bxd5 21. Bxg6
Bd6 22. Bxh7+ Kxh7 23. Nf5 f6 24. Qh5+ Kg8 25. Bf4 Bxf4 26. Rxg7+ Qxg7 27. Nxg7
Kxg7 28. Qxd5 Ra7 29. Rf1 Be5 30. Qb3 Rd7 31. Qxb6 Rh8 32. h3 Rb8 33. Qxa6 Rxb2
34. c4 Rdd2 35. Qc6 1-0

[Event "ch-European Rapid 2013"]
[Site "Warsaw POL"]
[Date "2013.12.14"]
[Round "6.30"]
[White "Setkauskas, Vaidas"]
[Black "Dourerassou, Jonathan"]
[Result "1-0"]
[BlackTitle "IM"]
[WhiteElo "2193"]
[BlackElo "2485"]
[WhiteFideId "12803936"]
[BlackFideId "628050"]
[EventDate "2013.12.14"]

1. e4 c5 2. Nf3 Nc6 3. Nc3 e5 4. Bc4 Be7 5. d3 Nf6 6. Nd2 d6 7. Nf1 Bg4 8. f3
Be6 9. Ne3 O-O 10. O-O Nd4 11. a4 a6 12. Ned5 Nxd5 13. Nxd5 b6 14. f4 exf4 15.
Bxf4 Ra7 16. c3 Nc6 17. Qe1 Ne5 18. Bxe5 dxe5 19. Qg3 Qd6 20. Ne3 Bc8 21. Bd5 g6
22. Nc4 Qc7 23. Qxe5 Bd8 24. Rxf7 Rxf7 25. Nd6 h5 26. Rf1 Qe7 27. Bxf7+ Kh7 28.
Qxe7 Rxe7 29. Nxc8 Rd7 30. Rf3 Kh6 31. Be6 Rc7 32. Nd6 Be7 33. Ne8 Ra7 34. Rf7
b5 35. Nd6 bxa4 36. Nc8 Rb7 37. Rxe7 Rxb2 38. Ra7 Kg5 39. h3 Kh4 40. Kh2 g5 41.
Nd6 g4 42. Nf5+ Kg5 43. hxg4 hxg4 44. Rxa6 Rd2 45. Bc4 Rc2 46. Rxa4 Rxc3 47. Ra5
Kf4 48. Rxc5 Rc2 49. e5 Kxf5 50. Be6+ 1-0

[Event "ch-European Rapid 2013"]
[Site "Warsaw POL"]
[Date "2013.12.14"]
[Round "6.31"]
[White "Gdanski, Jacek"]
[Black "Gaehwiler, Gabriel"]
[Result "1/2-1/2"]
[WhiteTitle "GM"]
[WhiteElo "2506"]
[BlackElo "2327"]
[WhiteFideId "1100106"]
[BlackFideId "1314530"]
[EventDate "2013.12.14"]

1. e4 e5 2. Nf3 Nc6 3. Bb5 g6 4. c3 a6 5. Ba4 d6 6. Bxc6+ bxc6 7. d4 Nf6 8. O-O
exd4 9. cxd4 Bg7 10. e5 dxe5 11. dxe5 Nd5 12. Bg5 Qd7 13. Nbd2 O-O 14. Ne4 Re8
15. Re1 h6 16. Bh4 Nf4 17. Nf6+ Bxf6 18. Qxd7 Bxd7 19. Bxf6 g5 20. h4 g4 21. Nd2
Nd5 22. h5 Nf4 23. Ne4 Nxh5 24. Bh4 Bf5 25. Rac1 Re6 26. Nc5 Ree8 27. g3 a5 28.
Nb3 Be6 29. Nd4 Ng7 30. Rxc6 Rab8 31. b3 Rb4 32. Nc2 Rb7 33. Bf6 Nh5 34. Nd4 Bd7
35. Ra6 Rb6 36. Rxb6 cxb6 37. Bh4 Ng7 38. Bf6 Nh5 39. Bh4 Ng7 40. Bf6 Nh5 41.
Bh4 Ng7 42. Re4 Rc8 43. Re1 Re8 44. Re3 Rc8 45. Kf1 Nf5 46. Nxf5 Bxf5 47. f3
Rc1+ 48. Kf2 Rc2+ 49. Re2 Rxe2+ 50. Kxe2 gxf3+ 51. Kxf3 Bb1 1/2-1/2

[Event "ch-European Rapid 2013"]
[Site "Warsaw POL"]
[Date "2013.12.14"]
[Round "6.32"]
[White "Skawinski, Arkadiusz"]
[Black "Leniart, Arkadiusz"]
[Result "1-0"]
[WhiteTitle "FM"]
[BlackTitle "IM"]
[WhiteElo "2319"]
[BlackElo "2472"]
[WhiteFideId "1126415"]
[BlackFideId "1124226"]
[EventDate "2013.12.14"]

1. e4 e5 2. Nf3 Nc6 3. Bb5 a6 4. Ba4 Nf6 5. O-O Be7 6. Re1 b5 7. Bb3 d6 8. c3
O-O 9. h3 Na5 10. Bc2 c5 11. d4 Nd7 12. Nbd2 exd4 13. cxd4 Nc6 14. Nf1 cxd4 15.
Nxd4 Nxd4 16. Qxd4 Ne5 17. Qd1 Bf6 18. Ne3 Nc4 19. Rb1 Be6 20. Nd5 Bxd5 21. Qxd5
Qa5 22. Re2 Rac8 23. Bb3 Be5 24. Kh1 Rc5 25. Qd1 Qc7 26. f4 Bf6 27. Be3 Nxe3 28.
Rxe3 Rc8 29. Re1 a5 30. a4 bxa4 31. Bxa4 Rc4 32. Bb3 Rd4 33. Qf3 a4 34. Bd5 Rb4
35. e5 dxe5 36. fxe5 Bxe5 37. Bxf7+ Kh8 38. Qh5 Bf6 39. Re3 Qb8 40. Rbe1 Rb5 41.
Qg4 Rf8 42. Re8 Rxb2 43. Rxf8+ Qxf8 44. Re8 Qxe8 45. Bxe8 a3 46. Bf7 Rb1+ 47.
Kh2 Be5+ 48. g3 Rb2+ 49. Kh1 Rb1+ 50. Kg2 Rb2+ 51. Kf3 Rb8 52. Bd5 Bb2 53. Qd7
Rf8+ 54. Ke4 Rb8 55. h4 Rb4+ 56. Kf3 Rb8 57. g4 Rf8+ 58. Ke4 g6 59. h5 gxh5 60.
gxh5 Rf6 61. Kd3 Rf8 62. Be4 Bg7 63. h6 1-0

[Event "ch-European Rapid 2013"]
[Site "Warsaw POL"]
[Date "2013.12.14"]
[Round "6.33"]
[White "Akhayan, Ruben"]
[Black "Kanarek, Marcel"]
[Result "0-1"]
[WhiteTitle "FM"]
[BlackTitle "IM"]
[WhiteElo "2245"]
[BlackElo "2473"]
[WhiteFideId "204439"]
[BlackFideId "1126822"]
[EventDate "2013.12.14"]

1. e4 c5 2. Nf3 d6 3. d4 Nf6 4. Nc3 cxd4 5. Nxd4 g6 6. Bc4 Bg7 7. O-O O-O 8. Re1
Nc6 9. h3 Nxd4 10. Qxd4 Bd7 11. Bg5 Bc6 12. Qd2 a6 13. Bb3 b5 14. Rad1 Qc7 15.
Nd5 Bxd5 16. exd5 Rfe8 17. Re3 Nd7 18. c3 Bf6 19. Bxf6 exf6 20. Rde1 Rxe3 21.
Qxe3 Ne5 22. Qd4 Re8 23. Re3 Qb8 24. Qd2 f5 25. Qd4 Nd7 26. Kh2 Re5 27. Kh1 h5
28. Bd1 Qb7 29. Bf3 Qc7 30. a3 Qb7 31. Kh2 Qc7 32. Kh1 Qb8 33. Kh2 Nb6 34. b3
Qc7 35. g3 Nd7 36. Bg2 Rxe3 37. Qxe3 Nc5 38. b4 Na4 39. Bf3 Qxc3 40. Qf4 Nb2 41.
Be2 Qe5 42. Qd2 Nc4 43. Bxc4 bxc4 44. h4 c3 45. Qc2 Qe1 46. Kg2 Qe4+ 0-1

[Event "ch-European Rapid 2013"]
[Site "Warsaw POL"]
[Date "2013.12.14"]
[Round "6.34"]
[White "Socko, Monika"]
[Black "Nuri, Kambez"]
[Result "1-0"]
[WhiteTitle "GM"]
[BlackTitle "FM"]
[WhiteElo "2440"]
[BlackElo "2308"]
[WhiteFideId "1106619"]
[BlackFideId "1311433"]
[EventDate "2013.12.14"]

1. d4 Nf6 2. c4 g6 3. Nc3 Bg7 4. e4 O-O 5. f3 d6 6. Be3 c5 7. dxc5 dxc5 8. Qxd8
Rxd8 9. Bxc5 Nc6 10. Nge2 b6 11. Ba3 Ba6 12. Nb5 Rac8 13. Nec3 e6 14. Be2 Rd7
15. Kf2 Na5 16. e5 Ne8 17. Rhd1 Rxd1 18. Rxd1 Bxe5 19. Nxa7 Ra8 20. Nab5 Bxc3
21. bxc3 Rc8 22. Nd6 Nxd6 23. Rxd6 Bxc4 24. Rxb6 Bxa2 25. Bb4 Nc6 26. Ba6 Nxb4
27. Bxc8 1-0

[Event "ch-European Rapid 2013"]
[Site "Warsaw POL"]
[Date "2013.12.14"]
[Round "6.35"]
[White "Klepaczka, Tomasz"]
[Black "Duda, Jan-Krzysztof"]
[Result "0-1"]
[BlackTitle "GM"]
[WhiteElo "2240"]
[BlackElo "2557"]
[WhiteFideId "1134574"]
[BlackFideId "1170546"]
[EventDate "2013.12.14"]

1. e4 c5 2. Nc3 d6 3. f4 g6 4. Nf3 Bg7 5. Bc4 Nc6 6. O-O e6 7. d3 Nge7 8. Qe1
Nd4 9. Nxd4 cxd4 10. Ne2 O-O 11. Bb3 a5 12. a4 Bd7 13. f5 gxf5 14. Qg3 Kh8 15.
Qxd6 fxe4 16. dxe4 Ng6 17. Nf4 Bc6 18. Nxg6+ hxg6 19. Qg3 d3 20. cxd3 Qb6+ 21.
d4 Qxd4+ 22. Kh1 Qxe4 23. Rf4 Qe2 24. Rh4+ Kg8 25. Bh6 Rad8 26. Bxg7 Kxg7 27.
Qc3+ e5 28. Rg1 Rd3 29. Qc4 Rd2 0-1